| 000 | 00362nam a2200145Ia 4500 | ||
|---|---|---|---|
| 008 | 220613s9999||||xx |||||||||||||| ||und|| | ||
| 020 | _a0972-9607 | ||
| 100 | _axxx | ||
| 245 | 0 | _aIndian Journal of Practical Pediatrics | |
| 250 | _a19,21(1-4) Jan-Dec 2017,19 | ||
| 260 | _bIndian Academy of Pediatrics | ||
| 300 | _a76 | ||
| 650 | _aPediatrics | ||
| 942 | _cIJ | ||
| 999 |
_c15841 _d15841 |
||